| 000 | 01455nam a2200433 i 4500 | ||
|---|---|---|---|
| 999 |
_c51135 _d51135 |
||
| 001 | 51135 | ||
| 003 | ES-MaCES | ||
| 005 | 20220408040014.0 | ||
| 008 | 190211s2018 sp o000 | spa d | ||
| 017 |
_aV 3132-2018 _bDL |
||
| 020 | _a9788491909637 | ||
| 020 | _a9788473516617 (INAP) | ||
| 040 |
_aES-MaCES _bspa _cES-MaCES |
||
| 100 | 1 |
_939456 _aFernández Suárez, Belén |
|
| 245 | 1 | 1 |
_a¿Quién gobierna? _b: políticas públicas e integración de inmigrantes en España _cBelén Fernández Suárez |
| 260 |
_aValencia _bTirant lo Blanch |
||
| 260 |
_a[Madrid] _bINAP, Instituto Nacional de Administración Pública _c2018 |
||
| 300 |
_a200 p. _c22 cm |
||
| 490 | 1 | _aTirant monografías | |
| 504 | _aBibliografía: po. 185-200 | ||
| 541 | 0 | _cGratuito | |
| 650 | 4 |
_apolítica gubernamental _927211 |
|
| 650 | 4 |
_ainmigrante _928631 |
|
| 650 | 4 |
_aextranjero _928630 |
|
| 650 | 4 |
_apolítica migratoria _929183 |
|
| 650 | 4 |
_aintegración social _927283 |
|
| 650 | 4 |
_aexclusión social _930629 |
|
| 650 | 4 |
_aAndalucia _930791 |
|
| 650 | 4 |
_aCataluña _930774 |
|
| 650 | 4 |
_aMadrid (Comunidad Autónoma) _930777 |
|
| 650 | 4 |
_aestudio de casos _928846 |
|
| 650 | 4 |
_aEspaña _926964 |
|
| 650 | 4 |
_a2004-2011 _939457 |
|
| 653 | 1 | 0 | _aCiencias Sociales-Políticas |
| 710 | 2 |
_94265 _aInstituto Nacional de Administración Pública (España) _eed. |
|
| 830 | 0 |
_aTirant monografías _932480 |
|
| 902 | _aLIB Libro | ||
| 942 |
_2CES _cBK _h7.0. |
||